| 000 | 01248cam a22003497a 4500 | ||
|---|---|---|---|
| 003 | CHAP | ||
| 005 | 20220329142011.0 | ||
| 008 | 981211d1998 mx a r 00110 spa d | ||
| 010 | _a76865 | ||
| 011 | _a77837 | ||
| 035 | _a87542 | ||
| 040 | _cCHAP | ||
| 090 | _aTesis | ||
| 100 | 0 | 0 |
_aBautista Calles, Francisco. _910894 |
| 245 | 1 | 0 |
_aCaracterísticas fisiológicas y anatómicas de ovarios senescentes de papaya (Carica papaya L.) tipo cera _c/por Francisco Bautista Calles |
| 260 |
_aChapingo, Méx. : _bEl autor, _c1998. |
||
| 300 |
_a45 h. : _bilus. |
||
| 502 | _aTesis (Ing. Agr. Esp. en Fitotecnia) -- UACH. Departamento de Fitotecnia | ||
| 590 |
_aALEPH _b10 _c20130110 _lUCH01 _h1427 |
||
| 590 |
_aBATCH-UPD _b10 _c20130110 _lUCH01 _h0427 |
||
| 590 |
_aBATCH-UPD _b10 _c20130110 _lUCH01 _h2146 |
||
| 590 |
_aBATCH-UPD _b10 _c20130410 _lUCH01 _h0103 |
||
| 590 |
_aBATCH-UPD _b10 _c20130914 _lUCH01 _h1859 |
||
| 590 |
_aCONVERSION _b10 _c20130109 _lUCH01 _h1342 |
||
| 650 | 1 | 4 |
_aPapaya _xFisiología y morfología. _985338 |
| 650 | 1 | 4 |
_aPlantas _xEdad. _988815 |
| 901 | _aBK | ||
| 905 | _aGuadalupe Pinto C. | ||
| 942 | _cFOLL | ||
| 949 |
_bBC _cTES _d33724000707238 _eTS2 _fc.2 _h33333 _i87542 _si |
||
| 949 |
_bBC _cTES _d875421 _eTS1 _h33332 _i87542 _sb |
||
| 999 |
_c76865 _d76865 |
||